| 000 | 00697ngm a22002890a 4500 | ||
|---|---|---|---|
| 001 | PT41785 | ||
| 003 | AR-LpoUNG | ||
| 005 | 20210201232330.0 | ||
| 007 | co ||u|||uuuuu | ||
| 008 | 191001s2008||||xxu|||||||||||||||||eng d | ||
| 037 | _c$25 | ||
| 040 |
_aAR-LpoUNG _bspa _cAR-LpoUNG _eaacr |
||
| 041 | _aeng | ||
| 044 | _axxu | ||
| 082 | 0 | _a781.65 787new | |
| 100 | 1 | _aCorea, Chick | |
| 245 | 1 | 4 | _aThe new crystal silence |
| 260 |
_aBeverly Hills : _bConcord, _c2008. |
||
| 300 | _a2 discos son. (ca. 140 min.) | ||
| 650 | 4 | _aMUSICA | |
| 651 | 4 | _aDOCUMENTOS TEORICOS O METODOLOGICOS | |
| 653 | _aCD | ||
| 653 | _aJAZZ | ||
| 700 | 1 | _aBurton, Gary | |
| 905 | _a41785 | ||
| 942 | _cCDDVD | ||
| 999 |
_c53397 _d53397 |
||